<?xml version="1.0" encoding="UTF-8"?>
<resp>
  <nextPage>https://data.bn.org.pl/api/networks/bibs.marcxml?marc=001+b00001150002648&amp;sinceId=1150002649</nextPage>
  <collection>
    <record xmlns='http://www.loc.gov/MARC21/slim'><leader>01211namZa2200361ZiZ4500</leader><controlfield tag='001'>b00001150002648</controlfield><controlfield tag='005'>20241203220429.2</controlfield><controlfield tag='008'>230609s        pl           |000 0 pol c</controlfield><controlfield tag='009'>9913261779605606</controlfield><datafield ind1=' ' ind2=' ' tag='020'><subfield code='a'>8304007053</subfield></datafield><datafield ind1=' ' ind2=' ' tag='035'><subfield code='a'>KR_1KR_1_20120318001858057153-48omnis_kr</subfield></datafield><datafield ind1=' ' ind2=' ' tag='035'><subfield code='a'>KR_1_20120318001858057153</subfield><subfield code='9'>ExL</subfield></datafield><datafield ind1=' ' ind2=' ' tag='035'><subfield code='a'>(PL)b00001150002648</subfield></datafield><datafield ind1=' ' ind2=' ' tag='040'><subfield code='a'>KR_1</subfield><subfield code='c'>KR_1</subfield></datafield><datafield ind1='0' ind2=' ' tag='041'><subfield code='a'>pol</subfield></datafield><datafield ind1='1' ind2=' ' tag='100'><subfield code='a'>Czachowska, Jadwiga</subfield><subfield code='d'>(1922- )</subfield></datafield><datafield ind1='1' ind2='0' tag='245'><subfield code='a'>Przewodnik polonisty :</subfield><subfield code='b'>bibliografie, słowniki, biblioteki, muzea literackie /</subfield><subfield code='c'>Jadwiga Czachowska, Roman Loth.</subfield></datafield><datafield ind1=' ' ind2=' ' tag='250'><subfield code='a'>Wyd. 2 uzup.</subfield></datafield><datafield ind1=' ' ind2=' ' tag='260'><subfield code='a'>Wrocław [i in.] :</subfield><subfield code='b'>Zakład Narodowy im. Ossolińskich,</subfield><subfield code='c'>1981.</subfield></datafield><datafield ind1=' ' ind2=' ' tag='300'><subfield code='a'>750 s. :</subfield><subfield code='b'>err. ;</subfield><subfield code='c'>24 cm.</subfield></datafield><datafield ind1='1' ind2=' ' tag='490'><subfield code='a'>Vademecum Polonisty</subfield></datafield><datafield ind1=' ' ind2=' ' tag='500'><subfield code='a'>n</subfield></datafield><datafield ind1=' ' ind2=' ' tag='504'><subfield code='a'>Indeksy.</subfield></datafield><datafield ind1=' ' ind2='9' tag='650'><subfield code='a'>Bibliotekarstwo naukowe</subfield><subfield code='x'>informator</subfield><subfield code='z'>Polska</subfield></datafield><datafield ind1=' ' ind2='9' tag='650'><subfield code='a'>Literatura polska</subfield><subfield code='x'>bibliografia</subfield></datafield><datafield ind1=' ' ind2='9' tag='650'><subfield code='a'>Literatura polska</subfield><subfield code='x'>muzealnictwo</subfield><subfield code='x'>informator</subfield><subfield code='z'>Polska</subfield></datafield><datafield ind1='1' ind2=' ' tag='700'><subfield code='a'>Loth, Roman</subfield></datafield><datafield ind1=' ' ind2=' ' tag='852'><subfield code='b'>48OMNIS_NETWORK</subfield><subfield code='8'>9913261779605606</subfield></datafield><datafield ind1=' ' ind2=' ' tag='852'><subfield code='b'>48OMNIS_KR</subfield><subfield code='8'>991000026469708216</subfield></datafield><datafield ind1=' ' ind2=' ' tag='920'><subfield code='a'>83-04-00705-3</subfield></datafield></record>
  </collection>
</resp>
